Doing business in Brazil : a legal guide for the foreign investor.

Bibliographic Details
Format: Book
Published: Sao Paulo: Center for Studies of Law Firm, [199-].
Subjects:
LEADER 00513cam a2200169 7i4500
001 0000003092
005 19991025090000.0
002 ##000004426
020 0 0 |a T000004098  
090 0 0 |a BRAZ 338.7   |b DOI 
245 0 0 |a Doing business in Brazil :   |b a legal guide for the foreign investor. 
260 0 0 |a Sao Paulo:   |b Center for Studies of Law Firm,   |c [199-]. 
300 0 0 |a 123 p.. 
650 0 0 |a Business --   |z Brazil  
650 0 0 |a Trade regulation  
651 0 0 |a Brazil  
999 |a 0000004808  |b Book  |c Open shelf  |e Business Information Centre